Φαίδρος
Saved in:
| Main Author: | |
|---|---|
| Other Authors: | |
| Format: | Book |
| Language: | Greek Ancient Greek |
| Published: |
Αθήνα :
Ζήτρος,
c2001.
|
| Series: | Αρχαίοι συγγραφείς (Ζήτρος)
|
| Subjects: | |
| Tags: |
Add Tag
No Tags, Be the first to tag this record!
|
MARC
| LEADER | 00000cam a2200000 a 4500 | ||
|---|---|---|---|
| 001 | 1/111421 | ||
| 008 | 160726s2001####gr | ||| |||| ||gre|| | ||
| 020 | |a 9604424289 |q (set) | ||
| 020 | |a 9604424289 |q (τ. 1) | ||
| 040 | |a GR-MyUa |b gre |c GR-MyUa |e AACR2 | ||
| 041 | 0 | |a gre |a grc | |
| 082 | 7 | |a 184 |2 (23) | |
| 100 | 0 | |a Πλάτων, |d 428 ή 7-348 ή 7 π.Χ. | |
| 240 | 1 | 0 | |a Φαίδρος. |
| 245 | 1 | 0 | |a Φαίδρος / |c Πλάτων ; μελέτη, μετάφραση, σχόλια Παναγιώτης Δόικος. |
| 260 | |a Αθήνα : |b Ζήτρος, |c c2001. | ||
| 300 | |a 2 τ. ; |c 18 εκ. | ||
| 490 | 1 | |a (Αρχαίοι συγγραφείς / Ζήτρος) | |
| 500 | |a Ειδική έκδοση της εφημερίδας "Το Βήμα". | ||
| 504 | |a Περιλαμβάνει βιβλιογραφίες. | ||
| 650 | 0 | |a Rhetoric, Ancient |v Early works to 1800. | |
| 650 | 0 | |a Love |v Early works to 1800. | |
| 700 | 1 | |a Δόικος, Παναγιώτης Ο., |d 1957- | |
| 830 | 0 | |a Αρχαίοι συγγραφείς (Ζήτρος) | |
| 852 | |a INST |b SYROS |e 20160726 |h 184 ΠΛΑ |p 005500012689 |q 005500012689 |t BK |v τομ.1: |y 0 | ||
| 853 | |a INST |b SYROS |h 184 ΠΛΑ | ||
| 970 | |a Κοντού |b Παρασκευή |z 26/07/2016 | ||